00719nam a2200181Ia 4500001001000000003000500010008004100015010001100056040000900067082002100076100002000097245010700117300001000224440002800234500019800262650005400460700002300514Para_2682CHAP220125s1897 xx 000 0 und d a201257 cCHAP aPA-C 595.752 J38 aOsborn, Herbert aThe genus peiopsis :b A review of the North American species /c by Herbert Osborn and Elmer D. Ball a13 p. aJassoidea of America; 1 aSobretiro de: Proceedings of the Davenport Academy of Natural Sciences 7: 111-123, 1897. Encuadernado con: American leaf-hoppers of the subfamily typhlocybinae /by Clarence P. Guillette 70-149 aCicadelidos x Colecciones de escritos Macropsis aBall, Elmer Darwin